[Event "FIDE GP"]
[Site "Moscow RUS"]
[Date "2002.06.01"]
[Round "1.2"]
[White "Lautier,J"]
[Black "Gurevich,M"]
[Result "1-0"]
[WhiteElo "2675"]
[BlackElo "2641"]

1.d4 d5 2.c4 c6 3.Nf3 Nf6 4.Nc3 e6 5.e3 a6 6.a3 Nbd7 7.b4 Bd6 8.Bb2 O-O 9.c5 Bc7
10.Na4 Qe7 11.Be2 Rb8 12.O-O e5 13.Nxe5 Nxe5 14.dxe5 Bxe5 15.Bxe5 Qxe5 16.Qd4 Qc7
17.Nc3 Re8 18.a4 Bf5 19.b5 a5 20.Rac1 Ne4 21.Bd3 Nxc3 22.Rxc3 Bxd3 23.Qxd3 Re4
24.Qc2 Qe5 25.Rb1 Rc8 26.h3 h5 27.bxc6 bxc6 28.Rb6 g6 29.Ra6 Rb4 30.Rb6 Re4
31.Ra6 Qc7 32.Rb6 Rce8 33.Rd3 d4 34.Qb3 dxe3 35.Rxe3 Rxe3 36.fxe3 Qc8 37.Rb7 Rf8
38.Ra7 Qd8 39.Qc4 Qg5 40.e4 Qe3+ 41.Kh1 Qf2 42.e5 Qe1+ 43.Kh2 Qxe5+ 44.Kh1 Qb8
45.Rd7 Qb1+ 46.Kh2 Qf5 47.Qd4 Qg5 48.Rd6 h4 49.Qg4 Qe5+ 50.Kh1 Rb8 51.Rd1 Qe7
52.Qf4 Rb2 53.Qd6 Qe2 54.Qd8+ Kg7 55.Qd4+ f6 56.Rg1 Qe7 57.Qxb2  1-0

[Event "3rd EIWCh"]
[Site "Varna BUL"]
[Date "2002.06.01"]
[Round "6"]
[White "Maric,A"]
[Black "Kononenko,T"]
[Result "1-0"]
[WhiteElo "2455"]
[BlackElo "2370"]

1.d4 d5 2.c4 c6 3.Nc3 Nf6 4.e3 e6 5.Nf3 Nbd7 6.Qc2 Bd6 7.Bd3 O-O 8.O-O e5
9.cxd5 cxd5 10.e4 exd4 11.Nxd5 h6 12.Nxd4 Nxd5 13.exd5 Bxh2+ 14.Kxh2 Qh4+
15.Kg1 Qxd4 16.Rd1 Qh4 17.Qc4 Qd8 18.Bf4 Nb6 19.Qe4 f5 20.Qf3 Kh7 21.d6 Qf6
22.Rd2 Rf7 23.Re1 Be6 24.b3 Bd5 25.Qg3 Nd7 26.Bb1 Bc6 27.b4 Kh8 28.Qb3 Qg6
29.f3 a6 30.Re6 Rf6 31.Re7 Qh5 32.Rde2 Raf8 33.a4 Nb6 34.b5 axb5 35.axb5 Bd5
36.Qe3 Nc8 37.Qd3 Nb6 38.R2e5 Qh4 39.g3 Rg6 40.Rxf5 Rxg3+ 41.Bxg3 Qxg3+ 42.Kf1 Qh3+
43.Ke1 Qh4+ 44.Kd1 Qa4+ 45.Bc2 Qa1+ 46.Ke2 Rxf5 47.Re8+ Bg8 48.Qxf5  1-0

[Event "TCh-BIH"]
[Site "Neum BIH"]
[Date "2002.06.02"]
[Round "1"]
[White "Scekic,M"]
[Black "Terzic,S"]
[Result "1/2-1/2"]
[WhiteElo "2419"]
[BlackElo "2286"]

1.d4 d5 2.Nf3 Nf6 3.c4 e6 4.Nc3 c6 5.e3 Bd6 6.Bd3 Nbd7 7.O-O O-O 8.e4 dxc4
9.Bxc4 e5 10.Bg5 h6 11.Bh4 Re8 12.Qb3 Qe7 13.dxe5 Nxe5 14.Nxe5 Bxe5 15.f4 Bxc3
16.bxc3 b5 17.Bd3 Be6 18.Qc2 Bc4 19.e5 Qc5+ 20.Bf2 Bxd3 21.Qxd3 Qd5 22.Qh3 Ne4
23.Rfd1 Nxf2 24.Kxf2 Qc5+ 25.Qe3 Qe7 26.Rd4 f6 27.Re1 fxe5 28.fxe5 Rf8+ 29.Kg1 Rae8
30.e6 Rf6 31.Re4 Rd8 32.h3 Rdf8 33.a4 Rf5 34.Rd4 bxa4 35.Rxa4 c5 36.Rea1 Re8
37.Re4 Rf6 38.Ra6 Rg6 39.Rc6 Qb7 40.Rd6 Qb1+ 41.Kh2 Qb8 42.Qf4 Rexe6 43.Rdxe6 Qxf4+
44.Rxf4 Rxe6 45.Ra4 a6 46.Ra5 Rc6 47.Kg3 Kf7 48.Kf4 Ke6 49.Ke4 Kd6 50.g4 Rb6
51.Ra2 g5 52.c4 Ke6 53.Ra5 Rc6 54.Ra2 Rd6 55.Ra4 Kf6 56.Ra5 Rd4+ 57.Ke3 Rxc4
58.Rxa6+ Kg7 59.Ra7+ Kf8 60.Rc7  1/2-1/2

[Event "TCh-BIH"]
[Site "Neum BIH"]
[Date "2002.06.03"]
[Round "3"]
[White "Kozul,Z"]
[Black "Blagojevic,D"]
[Result "1-0"]
[WhiteElo "2595"]
[BlackElo "2534"]

1.d4 d5 2.c4 c6 3.Nf3 Nf6 4.Nc3 e6 5.e3 Nbd7 6.Bd3 dxc4 7.Bxc4 b5 8.Bd3 a6
9.e4 c5 10.d5 c4 11.Bc2 e5 12.O-O Bc5 13.b3 cxb3 14.axb3 Rb8 15.Bd2 O-O 16.Ra2 Ne8
17.Ne2 Nd6 18.Ba5 Qe7 19.Ng3 g6 20.Qd2 Bb7 21.Bd3 Rbc8 22.Rc1 Bb6 23.Bxb6 Nxb6
24.h4 Rxc1+ 25.Qxc1 Rc8 26.Qa3 Nd7 27.Rc2 Rxc2 28.Bxc2 Qf8 29.h5 Qb8 30.Qc1 Qd8
31.hxg6 hxg6 32.Bd1 Kg7 33.b4 f6 34.Nd2 Qc8 35.Qa1 Nb6 36.Ngf1 Nbc4 37.Bb3 Nxd2
38.Nxd2 Qc7 39.Kf1 Bc8 40.Ke2 Bg4+ 41.f3 Bc8 42.Kd3 Nb7 43.Bd1 Kf7 44.Be2 a5
45.Qc3 Qxc3+ 46.Kxc3 axb4+ 47.Kxb4 f5 48.Bxb5 Nd6 49.Kc5 Ke7 50.Nc4 Nb7+
51.Kc6 fxe4 52.fxe4 Bd7+ 53.Kxb7 Bxb5 54.Kc7  1-0

[Event "ch-HUN Gp B"]
[Site "Balatonlelle HUN"]
[Date "2002.06.05"]
[Round "5"]
[White "Horvath,Cs"]
[Black "Ruck,R"]
[Result "1/2-1/2"]
[WhiteElo "2539"]
[BlackElo "2569"]

1.d4 d5 2.c4 c6 3.Nc3 Nf6 4.e3 e6 5.Nf3 Nbd7 6.Qc2 Bd6 7.Bd2 O-O 8.O-O-O c5
9.Kb1 a6 10.cxd5 exd5 11.Bc1 b5 12.dxc5 Nxc5 13.Bd3 Nxd3 14.Qxd3 Bb7 15.Nd4 b4  1/2-1/2

[Event "3rd EIWCh"]
[Site "Varna BUL"]
[Date "2002.06.05"]
[Round "9"]
[White "Kachiani,K"]
[Black "Shumiakina,T"]
[Result "1/2-1/2"]
[WhiteElo "2465"]
[BlackElo "2366"]

1.d4 d5 2.c4 c6 3.Nf3 Nf6 4.e3 e6 5.Nc3 Nbd7 6.Qc2 Bd6 7.b3 O-O 8.Bb2 e5
9.cxd5 cxd5 10.Nb5 Bb4+ 11.Bc3 Bxc3+ 12.Nxc3 e4 13.Nd2 Nb8 14.b4 Nc6 15.a3 a5
16.b5 Ne7 17.Na4 Be6 18.Nc5 Qc8 19.Qb2 b6 20.Nxe6 Qxe6 21.Be2 Ne8 22.O-O-O Nd6
23.Kb1 a4 24.Ka1 Qf5 25.Rhf1 Rfc8 26.Qb4 Qd7 27.Rc1 Ra5 28.Rxc8+ Nexc8 29.Rc1 Na7
30.Qc3 g6 31.f3 Naxb5 32.Qb4 Nf5 33.fxe4 Nxe3 34.e5 Kg7 35.Ka2 Nxg2 36.Rb1 Nc7
37.Qxb6 Ra8 38.Qf6+ Kg8 39.Rb7 Rc8 40.Nf3 Ne3 41.Ng5 Qf5 42.Rxc7 Rxc7 43.Qd8+ Kg7
44.Qxc7 Qxg5 45.e6 Nf5 46.Qxf7+ Kh6 47.Qf8+ Ng7 48.Qf1 Qe3 49.e7 Qh3 50.Ka1 Qe3
51.Kb1 Qxe7 52.Qh3+ Nh5 53.Bxh5 gxh5 54.Ka2 Qe4 55.Qc3 h4  1/2-1/2

[Event "FSIM June"]
[Site "Budapest HUN"]
[Date "2002.06.11"]
[Round "11"]
[White "Bui Vinh"]
[Black "Kongsted,C"]
[Result "1-0"]
[WhiteElo "2420"]
[BlackElo "2213"]

1.d4 d5 2.Nf3 Nf6 3.c4 c6 4.Nc3 e6 5.e3 Nbd7 6.Qc2 Bd6 7.b3 O-O 8.Be2 e5
9.cxd5 cxd5 10.Nb5 Bb4+ 11.Bd2 Bxd2+ 12.Nxd2 e4 13.Rc1 Nb6 14.O-O a6 15.Nc7 Rb8
16.Qc5 Na8 17.Rfe1 Nxc7 18.Qxc7 Be6 19.b4 Qxc7 20.Rxc7 Rfc8 21.Rec1 Rxc7
22.Rxc7 Ne8 23.Rc1 Nd6 24.Kf1 Kf8 25.Ke1 Ke7 26.Nb1 Rc8 27.Rxc8 Nxc8 28.a4 f5
29.Kd2 g5 30.Nc3 f4 31.a5 Nd6 32.b5 axb5 33.Nxb5 Nxb5 34.Bxb5 fxe3+ 35.fxe3 h6
36.Kc3 Bf7 37.Kb4 Kd6 38.Ba4 Bg6 39.Bd1 Be8 40.Be2 Bd7 41.Bb5 Bg4 42.Be8 Be2
43.Bb5 Bg4 44.h3 Bd1 45.g3 Bc2 46.Kc3 Bd1 47.Kb4 Bc2 48.h4 Bd1 49.Bf1 Kc6
50.Bh3 Be2 51.Be6 Kd6 52.Bf7 Kc6 53.Be8+ Kd6 54.hxg5 hxg5 55.Bb5 Bd1 56.Kc3 Bf3
57.Bf1 Kc6 58.Kb4 Bd1 59.Bb5+ Kd6 60.Kc3 Bg4 61.Bf1 Bf5 62.Be2 Bd7 63.Kb3 Be8
64.Kb4 Bd7 65.Bd1 Be8 66.Bg4 Bc6 67.Bc8 Kc7 68.Be6 Kd6 69.Bf7 Ke7 70.Kc5 Kxf7
71.a6 Ke6 72.a7 Kf5 73.a8=Q Kg4 74.Qd8  1-0

[Event "3rd IECC"]
[Site "Batumi GEO"]
[Date "2002.06.12"]
[Round "1"]
[White "Makharadze,J"]
[Black "Gelashvili,T"]
[Result "1/2-1/2"]
[WhiteElo "2302"]
[BlackElo "2547"]

1.d4 d5 2.c4 e6 3.Nc3 c6 4.e3 Nf6 5.Nf3 Nbd7 6.Qc2 Bd6 7.b3 O-O 8.Be2 Qe7
9.O-O dxc4 10.bxc4 e5 11.Bb2 Re8 12.Rfe1 e4 13.Nd2 Nf8 14.f3 exf3 15.Bxf3 Ne6
16.Nce4 Nxe4 17.Nxe4 Ng5 18.Nxd6 Qxd6 19.Kh1 f5 20.Rad1 Ne4 21.d5 c5 22.Bxe4 Rxe4
23.Qc3 Qh6 24.d6 Bd7 25.Qa5 Rh4 26.Be5 b6 27.Qa6 Qe6 28.Qb7 Re8 29.Bg3 Rxc4
30.Qxa7 b5 31.Rc1 Rxc1 32.Rxc1 Qxe3 33.Qxc5 Qxc5 34.Rxc5 f4 35.Bh4 Re6 36.Rd5 Re2
37.a3 h6 38.Kg1 Ra2 39.Be1 Rxa3 40.Bd2 Ra4 41.Kf2 g5 42.g3 fxg3+ 43.hxg3 b4
44.Rd3 Ra3 45.Rd4 b3 46.Rb4 Kf7 47.Bc3 Ra2+ 48.Ke3 Rg2 49.Be1 Rb2 50.Bc3 Rb1
51.Re4 Be6 52.Kd2 Rg1 53.Be5 Rg2+ 54.Ke3 Bf5 55.Rb4 Ke6 56.d7 Kxd7 57.Rxb3 Ke6
58.Bb8 h5 59.Rb6+ Kf7 60.Be5 Be6 61.Rb2 Rg1 62.Rb6 Re1+ 63.Kd4 h4 64.gxh4 gxh4
65.Ra6 h3 66.Rb6 Re2 67.Rb1 Bf5 68.Rf1 Ke6 69.Bb8 Re4+ 70.Kc5 Re2 71.Kd4 Re4+
72.Kc5 Rh4 73.Rf2 Be4 74.Bg3 Rg4 75.Bh2 Bd3 76.Bf4 Kf5 77.Bb8+ Ke4 78.Rf8 Rh4
79.Rf2 Ke3 80.Rf8 h2 81.Bxh2 Rxh2 82.Re8+ Be4 83.Rb8 Rc2+ 84.Kd6 Rc6+ 85.Ke5 Rc5+
86.Kd6 Rg5 87.Rb4 Kf4 88.Rb8 Rd5+ 89.Ke6 Rc5 90.Rf8+ Bf5+ 91.Kd6 Rc1 92.Re8 Rd1+
93.Kc5 Be4 94.Rh8 Rd2 95.Re8 Rd5+ 96.Kc4 Ke3 97.Rh8 Rd6 98.Rh3+ Bf3 99.Rh8 Rc6+
100.Kb5 Rc1 101.Rh3 Kf4 102.Kb4 Bd5 103.Rc3 Rb1+ 104.Kc5 Ke5 105.Rd3 Rc1+
106.Kb4 Kd6 107.Rd2 Rc4+ 108.Kb5 Rc3 109.Rd4 Rc8 110.Kb4 Rb8+ 111.Kc3 Ke5
112.Rb4 Rc8+ 113.Kd2 Be4 114.Rb6 Kf4 115.Rb2 Rc4 116.Ra2 Ke5 117.Ra7 Kd4
118.Ra2 Rb4 119.Ke2 Bd5 120.Rd2+ Ke4 121.Kf2 Rb3 122.Rc2 Rh3 123.Rc8 Kd4
124.Re8 Rf3+ 125.Ke2 Rg3 126.Rf8 Ra3 127.Kf2 Ra2+ 128.Kg3 Rg2+ 129.Kh3 Rg7
130.Kh4 Ke5 131.Rf1 Be4 132.Rf2 Bf5 133.Rf3  1/2-1/2

[Event "3rd IECC"]
[Site "Batumi GEO"]
[Date "2002.06.13"]
[Round "2"]
[White "Riazantsev,A"]
[Black "Asrian,K"]
[Result "1/2-1/2"]
[WhiteElo "2527"]
[BlackElo "2591"]

1.d4 d5 2.c4 e6 3.Nc3 c6 4.e3 Nf6 5.Nf3 Nbd7 6.Qc2 Bd6 7.b3 O-O 8.Be2 b6
9.O-O Bb7 10.Bb2 Qe7 11.Rfd1 Rfe8 12.Rac1 Rac8 13.Qb1 h6 14.cxd5 exd5 15.Qf5 Rcd8
16.Qc2 Bb8 17.Bf1 Ne4 18.g3 Ndf6 19.Nxe4 Nxe4 20.Bg2 Rc8 21.Bh3 Rcd8 22.Bg2 Bd6
23.Qe2 Rc8 24.Rc2 Rc7 25.Rdc1 Qd8 26.Ne5 c5 27.Qh5 Nf6 28.Qd1 Bc8 29.Nd3 Bg4  1/2-1/2

[Event "Open"]
[Site "Lido Estensi ITA"]
[Date "2002.06.14"]
[Round "7"]
[White "Naumkin,I"]
[Black "Trabert,B"]
[Result "1/2-1/2"]
[WhiteElo "2433"]
[BlackElo "2291"]

1.d4 d5 2.c4 e6 3.Nc3 c6 4.e3 Nf6 5.Nf3 Nbd7 6.Qc2 Bd6 7.Bd3 O-O 8.O-O dxc4
9.Bxc4 a6 10.a4 c5 11.Rd1 cxd4 12.exd4 Qc7 13.Qe2 b6 14.h3 Bb7 15.Bb3 h6
16.Be3 Rac8 17.d5 exd5 18.Nxd5 Bxd5 19.Bxd5 Nxd5 20.Rxd5 Nf6 21.Rdd1 Bc5
22.Bxc5 Qxc5 23.Qxa6 Qb4 24.Qe2 Rfe8 25.Qd2 Qxd2 26.Rxd2 Ne4 27.Re2 Nc5 28.Rxe8+ Rxe8
29.Nd2 Rd8 30.Nc4 Nxa4 31.Rxa4 b5 32.Rb4 bxc4 33.Rxc4 Rd1+ 34.Kh2 Rd2 35.b4 Rxf2
36.Kg3 Rb2 37.Kf3 f5 38.Kf4 Rxg2 39.Kxf5 Kh7 40.Ke6 Rh2 41.h4 g5 42.hxg5 hxg5
43.Kd5 Rb2 44.Kc6 Kg6 45.b5 Kf5 46.Rc5+ Kf4 47.b6 Rxb6+ 48.Kxb6 g4 49.Kc6 g3  1/2-1/2

[Event "6th Open"]
[Site "Voronezh RUS"]
[Date "2002.06.19"]
[Round "7"]
[White "Feoktistov,A"]
[Black "Khusnutdinova,L"]
[Result "1-0"]
[WhiteElo "2401"]
[BlackElo "2250"]

1.d4 d5 2.c4 c6 3.Nc3 Nf6 4.Nf3 e6 5.e3 Nbd7 6.Bd3 dxc4 7.Bxc4 b5 8.Bd3 a6
9.a4 Bb7 10.O-O Be7 11.Qe2 O-O 12.e4 b4 13.Nb1 c5 14.e5 Nd5 15.Qe4 g6 16.Bh6 Re8
17.Nbd2 Rc8 18.h4 cxd4 19.Nb3 Nc5 20.Nxc5 Bxc5 21.h5 Rc7 22.hxg6 hxg6 23.Bg5 Qd7
24.Qh4 Bf8 25.Nh2 f5 26.exf6 Qh7 27.Nf3 e5 28.Qxh7+ Kxh7 29.Rfe1 Bd6 30.Nxd4 Rf7
31.Rad1 Nxf6 32.Bc4 Rc7 33.Bb3 exd4 34.Bxf6 Rxe1+ 35.Rxe1 d3 36.Rd1 Be4 37.f3 Bc5+
38.Kh2 Bf5 39.g4 Rc6 40.Be5 Be6 41.Rxd3 Bxb3 42.Rxb3 g5 43.Rd3 Kg6 44.Kg3 Be7
45.Rd5 Kf7 46.Bd4 Rc2 47.f4 Ke8 48.Ra5 gxf4+ 49.Kxf4 Rc6 50.g5 Bd8  1-0

[Event "3rd IECC"]
[Site "Batumi GEO"]
[Date "2002.06.20"]
[Round "8"]
[White "Dzhakaev,D"]
[Black "Ipek,A"]
[Result "1-0"]
[WhiteElo "2425"]
[BlackElo "2263"]

1.c4 Nf6 2.Nf3 e6 3.d4 d5 4.Nc3 c6 5.e3 Nbd7 6.Qc2 Bd6 7.b3 O-O 8.Bb2 a6
9.Be2 b5 10.O-O Qe7 11.e4 b4 12.e5 bxc3 13.exd6 Qxd6 14.Qxc3 Ne4 15.Qa5 Qb8
16.Rac1 Ra7 17.Ne5 Nxe5 18.dxe5 f6 19.cxd5 cxd5 20.f3 Ng5 21.h4 Nf7 22.exf6 gxf6
23.Bxf6 Nh6 24.Bd4 Raf7 25.Qb6 Qf4 26.Be3 Qxh4 27.Rxc8 Rxc8 28.Qxe6 Rd8 29.Bxh6 Qd4+
30.Be3 Qb4 31.Bd3 Rd7 32.Rc1 Qf8 33.Bd4  1-0

[Event "3rd IECC"]
[Site "Batumi GEO"]
[Date "2002.06.20"]
[Round "8"]
[White "Kempinski,R"]
[Black "Yagupov,I"]
[Result "0-1"]
[WhiteElo "2570"]
[BlackElo "2474"]

1.d4 d5 2.c4 c6 3.Nc3 Nf6 4.e3 e6 5.Nf3 Nbd7 6.Qc2 Bd6 7.g4 Bb4 8.Bd3 dxc4
9.Bxc4 b5 10.Be2 Bb7 11.Bd2 Rc8 12.g5 Bxc3 13.Bxc3 Nd5 14.Bd2 c5 15.dxc5 Rxc5
16.Qd3 Rc4 17.Qa3 Ra4 18.Qd6 Ra6 19.Qg3 O-O 20.O-O Nc5 21.Qe5 Nd7 22.Qd4 e5
23.Qh4 h6 24.Bxb5 hxg5 25.Qg3 Rh6 26.Rfd1 Nf4 27.Nxg5 Qxg5 28.exf4 Qf5 29.Kf1 exf4
30.Qd3 Qg4 31.Bxd7 Qg2+ 32.Ke1 Ba6 33.Bxf4 Bxd3 34.Bxh6 Qf1+ 35.Kd2 Qe2+
36.Kc3 Qc2+ 37.Kd4 Rd8  0-1

[Event "Essent ch-NED w"]
[Site "Leeuwarden NED"]
[Date "2002.06.20"]
[Round "2"]
[White "Bosboom Lanchava,T"]
[Black "Bensdorp,M"]
[Result "1/2-1/2"]
[WhiteElo "2330"]
[BlackElo "2125"]

1.d4 d5 2.c4 e6 3.Nc3 c6 4.e3 Nf6 5.Nf3 Be7 6.Qc2 Nbd7 7.Bd3 O-O 8.O-O Re8
9.Rd1 h6 10.b3 Bd6 11.Bb2 Qe7 12.e4 dxe4 13.Nxe4 Nxe4 14.Bxe4 Nf6 15.Bd3 b6
16.Ne5 Bb7 17.Qe2 c5 18.Bc2 Rad8 19.dxc5 Bxc5 20.Ng4 Nxg4 21.Qxg4 Qg5 22.Qxg5 hxg5
23.Be5 Kf8 24.a3 a5 25.Bc7 Rxd1+ 26.Rxd1 Rc8 27.Bd6+ Bxd6 28.Rxd6 Bc6 29.f3 Ke7
30.Rd2 Bb7 31.Kf2 Rh8 32.h3 Rd8 33.Bd3 Kf6 34.Ke2 Ke5 35.Rc2 Rc8 36.b4  1/2-1/2

[Event "3rd IECC"]
[Site "Batumi GEO"]
[Date "2002.06.21"]
[Round "9"]
[White "Malakhatko,V"]
[Black "Sturua,Z"]
[Result "0-1"]
[WhiteElo "2517"]
[BlackElo "2565"]

1.d4 Nf6 2.c4 e6 3.Nf3 d5 4.Nc3 c6 5.e3 Nbd7 6.Bd3 dxc4 7.Bxc4 b5 8.Bd3 a6
9.e4 c5 10.e5 cxd4 11.Nxb5 axb5 12.exf6 gxf6 13.Nxd4 Qb6 14.Be3 Bb4+ 15.Kf1 Bc5
16.Be2 b4 17.h4 Rg8 18.g3 Bb7 19.Rh2 Ke7 20.h5 Rgd8 21.Rh4 Ne5 22.Rc1 Rac8
23.Rxc5 Rxc5 24.Qe1 Ke8 25.Rf4 Nc4 26.Bxc4 Rxc4 27.Nf3 Qa6  0-1

[Event "3rd IECC"]
[Site "Batumi GEO"]
[Date "2002.06.22"]
[Round "10"]
[White "Jirovsky,M"]
[Black "Atakisi,U"]
[Result "1-0"]
[WhiteElo "2446"]
[BlackElo "2358"]

1.c4 c6 2.Nc3 d5 3.e3 Nf6 4.d4 e6 5.Nf3 Nbd7 6.Qc2 Bd6 7.Bd3 O-O 8.O-O dxc4
9.Bxc4 Qe7 10.Rd1 e5 11.h3 exd4 12.exd4 Nb6 13.Bb3 Nbd5 14.Re1 Qc7 15.Bg5 h6
16.Bxf6 Nxf6 17.Ne5 Be6 18.Bxe6 fxe6 19.Nf3 Rae8 20.Ne4 Nxe4 21.Rxe4 Rf6
22.Rae1 Qf7 23.Qb3 Bb8 24.R1e2 Kh7 25.Kf1 Qd7 26.Ke1 Re7 27.Kd1 Qd5 28.Kc2 Kg8
29.Nd2 Qxb3+ 30.Kxb3 Kf7 31.f3 Rd7 32.Nc4 Bc7 33.Kc3 Ke7 34.b4 Kf7 35.a4 b5
36.Ne5+ Bxe5 37.Rxe5 bxa4 38.Ra5 Rf4 39.Re4 Rxe4 40.fxe4 Ke7 41.Kc4 Rb7 42.Rxa4 Kd7
43.h4 Kd6 44.Ra5 Kd7 45.Ra3 Kc7 46.Rf3 Kb6 47.Rf8 Re7 48.e5 Kb7 49.Kc5 Rd7
50.Re8 Rd5+ 51.Kc4 a5 52.bxa5 Rxa5 53.Rxe6 Ra4+ 54.Kc5 Ra5+ 55.Kb4 Rb5+ 56.Kc4 Kb6
57.Rg6 Ra5 58.Rxg7 Ra4+ 59.Kc3 Ra3+ 60.Kb4 Re3 61.Kc4 Re1 62.g4 Rc1+ 63.Kd3 Rd1+
64.Ke4 h5 65.gxh5 Rh1 66.Rg4  1-0

[Event "ISYG-M16"]
[Site "Moscow RUS"]
[Date "2002.06.23"]
[Round "6"]
[White "Zabotin,A"]
[Black "Davidov,S"]
[Result "1/2-1/2"]
[WhiteElo "2249"]
[BlackElo "2248"]

1.d4 Nf6 2.c4 e6 3.Nf3 d5 4.Nc3 c6 5.e3 Nbd7 6.Bd3 Bd6 7.O-O O-O 8.e4 dxe4
9.Nxe4 Nxe4 10.Bxe4 h6 11.Bc2 e5 12.Re1 exd4 13.Qxd4 Bc5 14.Qc3 Qb6 15.Be3 Bxe3
16.Rxe3 Nf6 17.Rae1 c5 18.Ne5 Be6 19.Ng6 Rfe8 20.Nf4 Rad8 21.Nxe6 Rxe6 22.Rxe6 fxe6
23.h3 Rd4 24.b3 Qd6 25.Re2 e5 26.Qe3 e4 27.f3 exf3 28.Qxf3 Rd2 29.Rxd2 Qxd2
30.Bg6 Qe1+ 31.Kh2 Qe5+ 32.Qg3 Nd7 33.h4 b6 34.h5 Kf8 35.Qxe5 Nxe5 36.Be4 Ke7
37.Kg3 Kf6 38.Kf4 Nf7 39.a3 Ne5 40.a4 Nf7 41.Bf3 Nd6 42.Bg4 Nb7 43.Ke4 Na5
44.Bd1 Ke6 45.Bg4+ Kf6 46.Bd1 Ke6 47.Bg4+ Kf6 48.Bd1 Ke6 49.g3 Nc6 50.Bg4+ Kd6
51.Kf5 Ne7+ 52.Ke4  1/2-1/2

[Event "ISYG-W16"]
[Site "Moscow RUS"]
[Date "2002.06.23"]
[Round "6"]
[White "Kursova,M"]
[Black "Ismailova,A"]
[Result "1-0"]
[WhiteElo "2255"]
[BlackElo "2157"]

1.d4 d5 2.Nf3 Nf6 3.c4 e6 4.Nc3 c6 5.e3 Nbd7 6.Qc2 Bd6 7.Bd3 O-O 8.O-O h6
9.Bd2 a6 10.e4 dxe4 11.Nxe4 Nxe4 12.Bxe4 e5 13.Bc3 exd4 14.Nxd4 Ne5 15.b3 Qh4
16.h3 Re8 17.f4 Nxc4 18.bxc4 Bxf4 19.Bh7+ Kh8 20.Nf3 Qg3 21.Bf5 Be6 22.Bxe6 Rxe6
23.Rae1 Rae8 24.Rxe6 Rxe6 25.Re1 Be3+ 26.Kh1 Qf4 27.Be5  1-0

[Event "3rd IECC"]
[Site "Batumi GEO"]
[Date "2002.06.24"]
[Round "12"]
[White "Kempinski,R"]
[Black "Haznedaroglu,K"]
[Result "1-0"]
[WhiteElo "2570"]
[BlackElo "2345"]

1.d4 d5 2.c4 c6 3.Nc3 Nf6 4.e3 e6 5.Nf3 Nbd7 6.Qc2 Bd6 7.g4 Bb4 8.Bd3 dxc4
9.Bxc4 b5 10.Be2 Bb7 11.Bd2 Rc8 12.g5 Bxc3 13.Bxc3 Nd5 14.Bd2 c5 15.dxc5 Rxc5
16.Qd3 Rc4 17.Rd1 Qb6 18.Qb1 Rc8 19.e4 Ne7 20.Be3 Qa5+ 21.b4 Qa4 22.O-O Rd8
23.Nd4 Bc6 24.Rc1 Ne5 25.Rc5 Rxd4 26.Bxd4 Nd7 27.Rcc1 Qa6 28.Rfd1 Qb7 29.f3 O-O
30.Qc2 Rc8 31.Qb2 Ng6 32.Bxg7 e5 33.Bf6 Nf4 34.Bf1 Ng6 35.Rd6 Nh4 36.Qf2 Ng6
37.Qd2 Rf8 38.Bh3  1-0

[Event "3rd IECC"]
[Site "Batumi GEO"]
[Date "2002.06.24"]
[Round "12"]
[White "Jirovsky,M"]
[Black "Yagupov,I"]
[Result "1/2-1/2"]
[WhiteElo "2446"]
[BlackElo "2474"]

1.c4 c6 2.Nf3 d5 3.e3 Nf6 4.Nc3 e6 5.d4 Nbd7 6.Qc2 Bd6 7.b3 O-O 8.Be2 b6
9.O-O Bb7 10.e4 Nxe4 11.Nxe4 dxe4 12.Qxe4 Nf6 13.Qc2 c5 14.dxc5 Bxc5 15.Bb2 Ne4
16.Rad1 Qe7 17.Nd2 Nxd2 18.Rxd2 Rad8 19.Qc3 e5 20.Qg3 f6 21.Bc3 a5 22.Re1 e4
23.Rxd8 Rxd8 24.Rd1 Rxd1+ 25.Bxd1 Bd6 26.Qe3 f5 27.Qd4 Bc5 28.Qe5 Qxe5 29.Bxe5 e3
30.fxe3 Bxe3+ 31.Kf1 Be4 32.Bf3 Bxf3 33.gxf3 g5 34.a3 Kf7 35.b4 a4 36.Ke2 Ke6
37.Bb2 Bg1 38.h3 h5 39.Kf1 Be3 40.Ke2 Bg1 41.Kf1 Be3 42.Ke2 Bg1 43.Kf1  1/2-1/2

[Event "ISYG-M16"]
[Site "Moscow RUS"]
[Date "2002.06.24"]
[Round "7"]
[White "Ilarionovs,D"]
[Black "Geller,J"]
[Result "0-1"]
[WhiteElo "2190"]
[BlackElo "2437"]

1.Nf3 d5 2.c4 e6 3.e3 Nf6 4.Nc3 c6 5.d4 Nbd7 6.Be2 dxc4 7.Bxc4 b5 8.Bd3 a6
9.O-O c5 10.Ne4 Bb7 11.Nxc5 Nxc5 12.dxc5 Bxc5 13.Qe2 O-O 14.Rd1 Qb6 15.a3 Rfd8
16.b4 Be7 17.Bb2 Bd5 18.e4 Bb3 19.Bc2 Bc4 20.Bd3 Rxd3 21.Rxd3 Bxd3 22.Qxd3 Rd8
23.Qc2 Qb7 24.Bxf6 Bxf6 25.Rc1 h6 26.h3 g6 27.e5 Bg7 28.Qc6 Qa7 29.a4 bxa4
30.Qxa4 Qb7 31.Rc6 Ra8 32.Rc4 Bf8 33.Nd4 Qe4 34.Qc6 Qe1+ 35.Kh2 Qxe5+ 36.g3 Rd8
37.Nf3 Qe2 38.Rc2 Qb5 39.Qxb5 axb5 40.Ne5 Rd4 41.Rc8 Rd5 42.Nc6 Kg7 43.Rb8 Rd2
44.Kg2 Rc2 45.Ne5 Bxb4 46.Rxb5 Bc5 47.Nd3 Bd4 48.g4 Rd2 49.Rb3 e5 50.Kf3 f5
51.gxf5 gxf5 52.Kg3 Kg6 53.Ra3 e4 54.Nf4+ Kf7 55.Nh5 Bxf2+ 56.Kf4 Kg6 57.Ra5 Kxh5
58.Rxf5+ Kg6 59.Kxe4 Rd4+ 60.Ke5 Rd5+  0-1

[Event "Essent ch-NED w"]
[Site "Leeuwarden NED"]
[Date "2002.06.25"]
[Round "6"]
[White "Peng Zhaoqin"]
[Black "Bensdorp,M"]
[Result "1-0"]
[WhiteElo "2472"]
[BlackElo "2125"]

1.d4 d5 2.c4 e6 3.Nf3 c6 4.e3 Nf6 5.Nc3 Nbd7 6.Qc2 Bd6 7.Be2 O-O 8.O-O dxc4
9.Bxc4 Qc7 10.Bd2 a6 11.Rac1 h6 12.Ne4 Nxe4 13.Qxe4 Re8 14.h3 e5 15.Qg6 Nf8
16.Qh5 e4 17.Nh4 Nh7 18.Nf5 Bxf5 19.Qxf5 Nf6 20.b4 Qe7 21.a3 Kf8 22.Bb3 a5
23.h4 g6 24.Qh3 axb4 25.axb4 Bxb4 26.Bxb4 Qxb4 27.Rb1 Qd6 28.f3 Re7 29.h5 Kg7
30.hxg6 fxg6 31.Bc2 b5 32.Rbc1 Rae8 33.f4 Ra8 34.Bb3 Ra3 35.Rb1 Qd7 36.f5 g5
37.Be6 Qd6 38.Rfe1 Rea7 39.Rbc1 Ra8 40.Rb1 h5 41.Bb3 Rh8 42.Be6 h4 43.Rbc1 Rha8
44.Qh2 Qxh2+ 45.Kxh2 Ng4+ 46.Kg1 R8a6 47.Bd7 Rxe3 48.f6+ Nxf6 49.Rxe3 Nxd7
50.Rxe4 Kf7 51.Rf1+ Nf6 52.Re5 b4 53.Rxg5 b3 54.Rgf5 c5 55.dxc5 Kg6 56.R5f3 Ne4
57.Rxb3 Nxc5 58.Rb4 h3 59.Rg4+ Kh5 60.gxh3 Nd3 61.Rf8 Re6 62.Rh8+ Rh6 63.Rd8  1-0

[Event "ch-SVK"]
[Site "Kaskady SVK"]
[Date "2002.06.27"]
[Round "1"]
[White "Tibensky,R"]
[Black "Ftacnik,L"]
[Result "0-1"]
[WhiteElo "2448"]
[BlackElo "2576"]

1.d4 Nf6 2.c4 e6 3.Nf3 d5 4.Nc3 c6 5.e3 Nbd7 6.Qc2 Bd6 7.Bd3 O-O 8.O-O dxc4
9.Bxc4 b5 10.Be2 Bb7 11.e4 e5 12.dxe5 Nxe5 13.Nxe5 Bxe5 14.Be3 Re8 15.Bf3 Qc7
16.g3 Bxc3 17.bxc3 c5 18.a4 Nxe4 19.Rfe1 Nf6 20.Bxb7 Qxb7 21.Bxc5 Ne4 22.Be3 bxa4
23.Reb1 Qc6 24.Rc1 h5 25.Qxa4 Qe6 26.Qd1 h4 27.Qf3 a5 28.c4 a4 29.gxh4 Ra6
30.Kh1 Qe5 31.Ra2 Rf6 32.Qg4 Rg6 33.Qf4 Qe6 34.f3 Nc5 35.Rc3 Qh3 36.Rf2 Rd8  0-1

[Event "13th Open"]
[Site "Ljubljana SLO"]
[Date "2002.06.28"]
[Round "7"]
[White "Raspor,G"]
[Black "Kozamernik,J"]
[Result "1-0"]
[WhiteElo "2098"]
[BlackElo "2185"]

1.d4 d5 2.c4 c6 3.Nf3 Nf6 4.Nc3 e6 5.e3 Nbd7 6.Bd3 dxc4 7.Bxc4 b5 8.Bb3 a6
9.e4 c5 10.d5 c4 11.Bc2 Qc7 12.O-O Bb7 13.dxe6 fxe6 14.Qe2 Bd6 15.Bg5 O-O
16.Bh4 Nc5 17.Rfe1 b4 18.e5 Bxf3 19.exd6 Bxe2 20.dxc7 Bd3 21.Na4 Bxc2 22.Nxc5 e5
23.Rac1 b3 24.axb3 cxb3 25.Rxe5 Rf7 26.Nxa6 Nd7 27.Rb5  1-0

[Event "5th Comtois Masters"]
[Site "Belfort FRA"]
[Date "2002.06.29"]
[Round "2"]
[White "Tregubov,P"]
[Black "Bauer,Ch"]
[Result "1/2-1/2"]
[WhiteElo "2627"]
[BlackElo "2571"]

1.d4 Nf6 2.c4 e6 3.Nf3 d5 4.Nc3 c6 5.e3 Nbd7 6.Qc2 Bd6 7.Bd3 O-O 8.O-O dxc4
9.Bxc4 a6 10.Rd1 Qe7 11.h3 b5 12.Be2 c5 13.dxc5 Bxc5 14.e4 b4 15.Na4 Bb7
16.e5 Ne4 17.Nxc5 Ndxc5 18.Be3 Rac8 19.Rac1 Bd5 20.Nd2 Qb7 21.Nxe4 Nxe4 22.Qa4 a5
23.Qxa5 Ra8 24.Qc7 Qxc7 25.Rxc7 Rxa2 26.Bd4 h6 27.Bc4 Bxc4 28.Rxc4 Rb8 29.h4 Rb5
30.Kh2 Raa5 31.Be3 Rxe5 32.Rxb4 Nf6 33.Kh3 Nd5 34.Rb8+ Kh7 35.Bd4 Rf5  1/2-1/2

[Event "Masters"]
[Site "Grenoble FRA"]
[Date "2002.06.29"]
[Round "8"]
[White "Foisor,O"]
[Black "Deleva,M"]
[Result "1-0"]
[WhiteElo "2431"]
[BlackElo "2186"]

1.c4 Nf6 2.Nc3 c6 3.d4 d5 4.e3 e6 5.Nf3 Nbd7 6.Qc2 Bd6 7.Bd3 dxc4 8.Bxc4 O-O
9.O-O e5 10.h3 exd4 11.exd4 Nb6 12.Bb3 h6 13.Bd2 Nbd5 14.Na4 Nf4 15.Bxf4 Bxf4
16.Rad1 Nd5 17.Nc5 Qf6 18.Rfe1 Bf5 19.Qc4 Bc7 20.Ne5 Qg5 21.Qc1 Nf4 22.g3 Nxh3+
23.Kg2 Qf6 24.f4 Bxe5 25.dxe5 Qg6 26.Rd6 Qh5 27.Bd1 Nxf4+ 28.Qxf4 Qh3+ 29.Kg1 b6
30.Nd3 Bxd3 31.Bg4 g5 32.Qf3  1-0

[Event "IV Shakkinet A"]
[Site "Helsinki FIN"]
[Date "2002.06.29"]
[Round "6"]
[White "Norri,J"]
[Black "Payen,A"]
[Result "1-0"]
[WhiteElo "2426"]
[BlackElo "2356"]

1.d4 d5 2.c4 c6 3.Nc3 Nf6 4.Nf3 e6 5.e3 a6 6.c5 Nbd7 7.Bd3 g6 8.e4 dxe4 9.Nxe4 Nxe4
10.Bxe4 Qc7 11.O-O Bg7 12.Bg5 e5 13.Re1 h6 14.Bh4 f5 15.Bc2 g5 16.Bxf5 gxh4
17.Nxh4 Kd8 18.dxe5 Bxe5 19.Ng6 Re8 20.Qh5 Nf6 21.Rad1+ Bd7 22.Nxe5 Rxe5
23.Qxh6 Kc8 24.Bxd7+ Qxd7 25.Qxf6  1-0

[Event "Essent ch-NED w"]
[Site "Leeuwarden NED"]
[Date "2002.06.29"]
[Round "10"]
[White "Bosboom Lanchava,T"]
[Black "Peng Zhaoqin"]
[Result "1/2-1/2"]
[WhiteElo "2330"]
[BlackElo "2472"]

1.d4 d5 2.c4 e6 3.Nc3 Nf6 4.Nf3 c6 5.e3 Nbd7 6.Qc2 Bd6 7.g4 Bb4 8.Bd2 b6
9.cxd5 Nxd5 10.Bd3 Bb7 11.e4 Nxc3 12.bxc3 Be7 13.g5 c5 14.Rg1 Qc7 15.Qb2 O-O
16.Rg3 Rfd8 17.Rc1 Rac8 18.h4 cxd4 19.cxd4 Qd6 20.Rxc8 Rxc8 21.Bb1  1/2-1/2

[Event "30th World Open"]
[Site "Philadelphia USA"]
[Date "2002.06.30"]
[Round "2"]
[White "Margulis,E"]
[Black "Adu,O"]
[Result "0-1"]
[WhiteElo "2316"]
[BlackElo "2263"]

1.d4 Nf6 2.Nf3 d5 3.c4 c6 4.e3 e6 5.Nc3 Nbd7 6.Bd3 dxc4 7.Bxc4 b5 8.Bb3 a6
9.O-O c5 10.d5 c4 11.dxe6 fxe6 12.Bc2 Bb7 13.Qe2 Bd6 14.e4 O-O 15.Bg5 Qc7
16.Bh4 Nh5 17.Bg3 Nf4 18.Qe3 Bc5 19.Qe1 Ne5 20.Nxe5 Qxe5 21.Rd1 Bc6 22.a3 a5
23.Kh1 Qg5 24.f3 Rf6 25.Ne2 Nxe2 26.Qf2 Qe3 27.e5 Rh6 28.h3 Rf8 29.b3 Rxh3+
30.gxh3 Rxf3  0-1